| 000 | 00440nam a2200181Ia 4500 | ||
|---|---|---|---|
| 003 | GCL | ||
| 008 | 140319s9999 xx 000 0 eng d | ||
| 040 |
_aGCL / _cGCL |
||
| 082 | 0 | 4 |
_a759.4 _bF M |
| 100 | 1 | _aFRAGMENTS | |
| 245 | 1 | 0 |
_aMIOTTE : PASSEPORT 89 - 90 / _cFRAGMENTS |
| 260 |
_a[S.N] : _bFRAGMENTS ، _c1989 |
||
| 300 | _a40 P | ||
| 650 | 0 | 4 | _aARTS |
| 650 | 0 | 4 | _aPAINTERS - BIOGRAPHY |
| 650 | 0 | 4 | _aMIOTTE, GEAN |
| 942 |
_2ddc _cBK |
||
| 999 |
_c16212 _d16212 |
||